| 000 | 00347nam a22001457a 4500 | ||
|---|---|---|---|
| 003 | OSt | ||
| 005 | 20160727222457.0 | ||
| 008 | 160705b xxu||||| |||| 00| 0 eng d | ||
| 040 | _cTEST | ||
| 100 |
_92206 _a Suman, S |
||
| 245 | _a16 Short Stories | ||
| 260 |
_aN.D _b Children Books Trust _c2004 |
||
| 300 | _a16 Short Stories | ||
| 942 |
_2ddc _cBK |
||
| 999 |
_c1895 _d1895 |
||